E-commerce Tutorial with Using Joomla

Joomla - charakteristika. Používané metódy. Inštalácia serveru XAMPP. Nastavenie Joomla CMS výučby 1.5 verzie. Nastavenie aplikácie virtuálneho obchodného strediska a stránky dynamického vývoja elektronického obchodu. Práca v oblasti Joomla a vytvorenie stránky elektronického obchodu. Modifikačné té...

Ausführliche Beschreibung

Gespeichert in:
Bibliographische Detailangaben
1. Verfasser: Hasan, Jamal
Format: Buchkapitel
Sprache:Englisch
Schlagworte:
Tags: Tag hinzufügen
Keine Tags, Fügen Sie das erste Tag hinzu!

MARC

LEADER 00000naa$a2200000$$$4500
001 0094558
005 20240502083240.1
041 0 |a eng 
044 |a HU 
245 1 0 |a E-commerce Tutorial with Using Joomla  |c Jamal Hasan 
520 |a Joomla - charakteristika. Používané metódy. Inštalácia serveru XAMPP. Nastavenie Joomla CMS výučby 1.5 verzie. Nastavenie aplikácie virtuálneho obchodného strediska a stránky dynamického vývoja elektronického obchodu. Práca v oblasti Joomla a vytvorenie stránky elektronického obchodu. Modifikačné témy. Práca s článkami. Menu manažér. 
610 2 0 |a obchod elektronický 
610 2 0 |a výučba vedecká 
610 2 0 |a využitie počítačov 
610 2 0 |a servery 
610 2 0 |a metódy 
610 2 0 |a moduly 
100 1 |a Hasan, Jamal